LEADER 00939nam a2200205 i 4500 001 000000137193 003 CaOOAMICUS 005 20250707125103.0 008 050407s1974 it u000 u ita u 013 $a110930 040 $aSeMil$bita 100 1 $aGuicciardini, Francesco,$d<1483-1540>.$0(OLS)http://semarc/name/6315 245 10$aStorie fiorentine ; Dialogo del reggimento di Firenze ; Ricordi e altri scritti. 250 $aRistampa. 300 $a868 p., [9]c. di tav. ;$c24 cm. 773 0 $aGuicciardini, Francesco <1483-1540>$tOpere di Francesco Guicciardini.$dTorino : Unione Tipografico-Editrice Torinese, 1974-1981.$kClassici Italiani $g1$w()13234 850 $aSeMil 852 $aSeMil$W1$xVenegono$y1$m1G II 2$j238627$B90754$CSeMilBibl$Z2$F95620 $81 996 $6245$aStorie fiorentine ; Dialogo del reggimento di Firenze ; Ricordi e altri scritti$9(OLS)http://semarc/title/200443 LEADER 00701nam a2200205 i 4500 001 000000082521 003 CaOOAMICUS 005 20031016000000.0 008 031016s2003 it u000 u ita u 013 $a54761 020 $a88-06-16511-9 040 $aSeMil$bita 245 10$aL-Z. 300 $aXXX, 862 p., [50] p. di tav. :$bill. 773 0 $tDizionario del fascismo.$dTorino : Einaudi, copyr. 2002-copyr. 2003.$gVolume2$w()10204 850 $aSeMil 852 $aSeMil$W1$xVenegono$y1$mSL1.H IV 18$j47462$B47462$CSeMilBibl$Z2$F50120 $8I 961 $aAcquisto: Einaudi (Agente) 996 $6020$a88-06-16511-9$9(OLS)http://semarc/number/63381 996 $6245$aL-Z$9(OLS)http://semarc/title/129773